000 00263ngm a2200109Ia 4500
008 180904s9999||||xx ||| | || ||und||
082 _a070
_bWHI/H
100 _aWhite, Tony
245 0 _aHow to Make Animated Films
260 _aNew yark
_bFocal Press
942 _cDVD
999 _c3041
_d3041